Sports Quiz

Random Sports or Baseball Quiz

3 Letter Basebal Players Quiz Stats

Quiz not verified by Sporcle

Challenge
Share
Tweet
Embed
Score 0/25 Timer 06:00
0 Plays Today
Position Player % Correct
Catcher 2Ed Ott
81.5%
Outfielder 1Mel Ott
81.5%
Firstbaseman 2Lee May
62.1%
Starting Pitcher 4Rudy May
61.3%
Catcher 1Milt May
61.3%
Starting Pitcher 2Bill Lee
58.9%
Firstbaseman 1Derek Lee
58.9%
Shortstop 2Manny Lee
58.9%
Outfielder 3Carlos Lee
50.8%
Starting Pitcher 5Cliff Lee
46.8%
Relief Pitcher 4Jim Ray
43.5%
Outfielder 5Pete Fox
42.7%
Outfielder 6Jason Bay
39.5%
Position Player % Correct
Thirdbaseman 1Ron Cey
35.5%
Secondbaseman 1Nellie Fox
34.7%
Relief Pitcher 1Robb Nen
28.2%
Secondbaseman 2Steve Sax
26.6%
Starting Pitcher 1Jimmy Key
22.6%
Outfielder 4Jermaine Dye
22.6%
Starting Pitcher 3Vern Law
21.8%
Relief Pitcher 3Byung Hung Kim
20.2%
Thirdbaseman 2Vance Law
19.4%
Outfielder 2Dummy Hoy
12.9%
Relief Pitcher 2Esteban Yan
10.5%
Shortstop 1Bones Ely
7.3%

You're not logged in!

Compare scores with friends on all Sporcle quizzes.
Sign Up with Email
OR
Log In

You Might Also Like...

Show Comments

Extras

Top Quizzes Today


Score Distribution

Your Account Isn't Verified!

In order to create a playlist on Sporcle, you need to verify the email address you used during registration. Go to your Sporcle Settings to finish the process.

Report this User

Report this user for behavior that violates our Community Guidelines.

Details: